ბათუმის შოთა რუსთაველის სახელმწიფო უნივერსიტეტის ბიბლიოთეკა

Клиническая анатомия груди (ბიბ.ჩანაწერი № 35242)

000 -LEADER
fixed length control field 00643nam a2200229Ia 4500
001 - CONTROL NUMBER
control field 1089
003 - CONTROL NUMBER IDENTIFIER
control field GE_BSU
008 - FIXED-LENGTH DATA ELEMENTS--GENERAL INFORMATION
fixed length control field 181216s||||||||xx |||||||||||||| ||und||
020 ## - INTERNATIONAL STANDARD BOOK NUMBER
International Standard Book Number 9668604261
040 ## - CATALOGING SOURCE
Transcribing agency GE_BSU
080 ## - UNIVERSAL DECIMAL CLASSIFICATION NUMBER
Universal Decimal Classification number 616(075.8)
100 ## - MAIN ENTRY--PERSONAL NAME
Personal name Топоров,Г.Н.
245 ## - TITLE STATEMENT
Title Клиническая анатомия груди
245 ## - TITLE STATEMENT
Remainder of title Учебное пособие для студ.и врачей-интернов
260 ## - PUBLICATION, DISTRIBUTION, ETC.
Place of publication, distribution, etc. Харьков
260 ## - PUBLICATION, DISTRIBUTION, ETC.
Name of publisher, distributor, etc. Коллегиум
260 ## - PUBLICATION, DISTRIBUTION, ETC.
Date of publication, distribution, etc. 2007
300 ## - PHYSICAL DESCRIPTION
Extent 584стр.
653 ## - INDEX TERM--UNCONTROLLED
Uncontrolled term Клиническая анатомия груди
942 ## - ADDED ENTRY ELEMENTS (KOHA)
Koha item type წიგნი
ეგზემპლარები
Withdrawn status Lost status Damaged status Not for loan Date acquired Barcode Date last seen Price effective from Koha item type
        2018-12-17 1341 2018-12-17 2018-12-17 წიგნი